000 nam a22 7a 4500
999 _c28757
_d28757
008 170317b xxu||||| |||| 00| 0 eng d
020 _a9780073527826
050 _aHD 57.7 .M86 2008
100 _aMurno,Joyce H
_d2008
245 _aOrganizational Leadership/
_bSelected , Edited, and with introduction and Summmaries:
250 _a1st ed.
260 _aUSA:
_bMcGraw-Hill,
_c2008.
300 _axxiii,399p. :ill.
_bincludes bibliographical references and index
650 _aLeadership
942 _2lcc
_cBOOKS
_hHD 5707 .M86 2008